UK Operators by city - Statistics

General Stats
  • This quiz has been taken 5 times
  • The average score is 24 of 28
Answer Stats
Hint Answer % Correct
Bangor, Birmingham, Carlisle, Chester, Coventry, Edinburgh, Glasgow, Lancaster, Lichfield, Liverpool, London, Manchester, Milton Keynes, Preston, Stoke, Wolverhampton, Wrexham Avanti West Coast
100%
London, Southend c2c
100%
Aberdeen, Birmingham, Carlisle, Dundee, Edinburgh, Glasgow, Inverness, London, Perth, Preston, Stirling Caledonian Sleeper
100%
Birmingham, London, Oxford Chiltern Railways
100%
Aberdeen, Birmingham, Bristol, Cambridge, Cardiff, Coventry, Derby, Doncaster, Dundee, Durham, Edinburgh, Ely, Exeter, Glasgow, Gloucester, Leeds, Leicester, Manchester, Newcastle, Newport, Nottingham, Oxford, Peterborough, Plymouth, Sheffield, Southampton, Stoke, Truro, Wakefield, Winchester, Wolverhampton CrossCountry
100%
London (St Pancras) Eurostar
100%
Cambridge, Chelmsford, Colchester, Ely, London, Norwich, Peterborough, Southend Greater Anglia
100%
Bath, Bristol, Cardiff, Exeter, Gloucester, Hereford, London, Newport, Oxford, Plymouth, Portsmouth, Salisbury, Southampton, Swansea, Truro, Worcester Great Western Railway
100%
Aberdeen, Bradford, Doncaster, Dundee, Durham, Edinburgh, Inverness, Hull, Leeds, Lincoln, Londonm, Newcastle, Perth, Peterborough, Stirling, Wakefield London North Eastern Railway
100%
Edinburgh, Glasgow, London, Newcastle Lumo
100%
Chester, Liverpool Merseyrail
100%
Aberdeen, Carlisle, Dundee, Dunfermline, Edinburgh, Glasgow, Inverness, Perth, Stirling ScotRail
100%
Brighton, Chichester, London, Portsmouth, Southampton Southern
100%
Brighton, London Gatwick Express
80%
Bradford, Doncaster, London, Peterborough, Sunderland, Wakefield Grand Central
80%
Cambridge, London, Peterborough Great Northern
80%
Doncaster, Hull, London Hull Trains
80%
Birmingham, Coventry, Lichfield, Liverpool, London, Milton Keynes, Stoke, Wolverhampton London Northwestern Railway
80%
Bradford, Carlisle, Chester, Coventry, Derby, Doncaster, Durham, Hull, Lancaster, Leeds, Lichfield, Lincoln, Liverpool, Manchester, Newcastle, Nottingham, Preston, Salford, Sheffield, Stoke, Sunderland, Wakefield Northern
80%
Exeter, London, Portsmouth, Salisbury, Southampton, Winchester South Western Railway
80%
Carlisle, Doncaster, Durham, Edinburgh, Ely, Glasgow, Hull, Lancaster, Leeds, Liverpool, Manchester, Newcastle, Preston, Sheffield, Wakefield TransPennine Express
80%
Birmingham, Hereford, Wolverhampton, Worcester West Midlands Railway
80%
Derby, Doncaster, Ely, Leicester, Lincoln, Liverpool, London, Manchester, Norwich, Nottingham, Peterborough, Sheffield, Stoke East Midlands Railway
60%
London (Paddington) Heathrow Express
60%
Canterbury, London Southeastern
60%
London (Liverpool St) Stansted Express
60%
Brighton, Cambridge, London, Peterborough, St Albans Thameslink
60%
Bangor, Birmingham, Cardiff, Chester, Gloucester, Hereford, Liverpool, Manchester, Newport, Swansea, Wolverhampton, Wrexham Transport for Wales
60%
No matching quizzes found
Score Distribution
Percent of People with Each Score
Percentile by Number Answered
Your Score History
You have not taken this quiz